| 000 | 01077nam0a2200313 4500 | ||
|---|---|---|---|
| 001 | RU\NLR\bibl\1111859 | ||
| 005 | 20260405135125.0 | ||
| 010 |
_a5-9539-1628-8 _95000 |
||
| 021 |
_aRU _b2007-39972 _92143 |
||
| 035 | _a(NLR Aleph) 001098894 | ||
| 090 |
_a1165536 _c1165536 |
||
| 100 | _a20070723d2007 |||y0rusy50 ca | ||
| 101 | 1 |
_arus _cund |
|
| 102 | _aRU | ||
| 105 | _aa ||||||||| | ||
| 200 | 1 |
_aВолшебный вечер _e[для чтения взрослыми детям _fтекст: Мичи Фудзимото _gпер.: Ю. Чарова] |
|
| 210 |
_aМосква _cЭгмонт Россия Лтд. _cЭгмонт _d2007 |
||
| 215 |
_a[10] с. _cцв. ил. _d14 |
||
| 225 | 1 | _aПринцесса | |
| 225 | 1 | _aТвой мини-театр | |
| 300 | _aАвт. указан в вып. дан. | ||
| 700 | 1 |
_4070 _8rus _7ca _aФудзимото _bМ. _gМичи _3RU\NLR\auth\7755568 _938500 |
|
| 801 | 0 |
_aRU _bNLR _c20070723 _gRCR |
|
| 801 | 1 |
_aRU _bNLR _c20070723 |
|
| 852 |
_aNLR _jИгр/1073(3) |
||
| 942 | _cBOOK | ||
| 980 | _aNB | ||